Biggest American Cities that End in H on a Map - Statistics

General Stats
  • This quiz has been taken 187 times
  • The average score is 8 of 12
Answers on the Map
Answers color-coded by a green-red scale on the quiz's map according to % correct below.
 
Answer Stats
Population City % Correct
302,971 Pittsburgh
96%
918,915 Fort Worth
92%
467,665 Raleigh
91%
459,470 Virginia Beach
89%
147,780 Savannah
81%
466,742 Long Beach
77%
223,109 Hialeah
55%
137,298 Elizabeth
50%
198,711 Huntington Beach
48%
117,415 West Palm Beach
43%
112,046 Pompano Beach
29%
115,291 Antioch
19%
No matching quizzes found
Score Distribution
Percent of People with Each Score
Percentile by Number Answered
Your Score History
You have not taken this quiz